00353nam a2200121Ia 4500008004100000020002200041041000800063082002100071100002100092245005800113260005100171300000900222230314s9999 xx 000 0 und d a978-93-90619-21-4 aeng aC/004/RAN/B09891 aRandhir Priyanka aTextbook of Health Nursing Informatics and Technology bCBS Publishers & DistributorsaNew Delhic2017 a372p